00594nam a2200241Ia 450000500170000000800460001702000180006303700100008104000080009104000080009904000080010704100080011504100080012308400080013110000180013924500230015724500740018026000230025426000090027736500050028636500080029185600530029920260324130818.0008 260324s9999 xx 000 0 eng d a9781315888217 aEBOOK aCRL beng cCRL 2eng aeng qCRL aElie Kedourie 0aAfghani and 'Abduh 3bAn Essay on Religious Unbelief and Political Activism in Modern Islam bTaylor and Francis c2007 a b300 uhttp://www.taylorfrancis.com/books/9781315888217